Manual de gestión del patrimonio cultural.
Kaydedildi:
| Yazar: | |
|---|---|
| Materyal Türü: | Kitap |
| Dil: | İspanyolca |
| Baskı/Yayın Bilgisi: |
Madrid, España:
Akal,
2010.
|
| Seri Bilgileri: | Akal Textos
|
| Konular: | |
| Etiketler: |
Etiketle
Etiket eklenmemiş, İlk siz ekleyin!
|
MARC
| LEADER | 00000cam a2200000 a 4500 | ||
|---|---|---|---|
| 001 | UCF6539 | ||
| 003 | CL-VaPUC | ||
| 005 | 20250407202432.0 | ||
| 008 | 130503t20100000SP |||||||||||||||||spa|d | ||
| 999 | |c 351708 |d 351706 | ||
| 020 | |a 978-84-460-3108-6 | ||
| 040 | |c Pontificia Universidad Católica de Valparaíso | ||
| 082 | 0 | 4 | |a 363.69 QUE 2010 |2 21 |
| 100 | 0 | |a Querol, María Angeles |e author |9 568539 | |
| 245 | 1 | 0 | |a Manual de gestión del patrimonio cultural. |
| 260 | |a Madrid, España: |b Akal, |c 2010. | ||
| 300 | |a 541 páginas: |b ilustraciones. | ||
| 490 | 0 | |a Akal Textos | |
| 500 | |a c.2. Instituto Arcos.08-01-2025. | ||
| 583 | |a last modification |c 20130503 10:06:00 |k Rodrigo Vera | ||
| 650 | 0 | |a Patrimonio cultural |9 309364 | |
| 650 | 0 | |a Política cultural |9 316492 |z España | |
| 650 | 0 | |a Monumentos históricos |9 308710 |x Protección y conservación | |
| 942 | |c BK |2 ddc |n 0 | ||
| 945 | |d 20130503 00:00:00 |a dcastane | ||
| 952 | |0 0 |1 0 |2 ddc |4 0 |6 363_690000000000000_QUE_2010 |7 0 |8 A |9 455987 |a BIBARQ |b BIBARQ |d 2019-11-22 |i 4968689 |o 363.69 QUE 2010 |p 4968689 |r 2025-01-20 |w 2019-11-22 |y BK |k ARQ | ||
| 952 | |0 0 |1 0 |2 ddc |4 0 |6 363_690000000000000_QUE_2010 |7 0 |8 A |9 601156 |a BIBINC |b BIBINC |d 2025-03-13 |e Instituto Arcos |i 5665967 |o 363.69 QUE 2010 |p 5665967 |r 2025-03-13 |t 2 |w 2025-03-13 |y BK |k IFP | ||